Paroles Lettre à France - Michel Polnareff - Statistiques

Statistiques générales
  • Ce quiz a été pris 796 fois
  • Le résultat moyen est 162 sur 198
Statistiques - réponses
Réponse % Correct
à
98%
et
97%
Et
97%
moi
97%
Toi
97%
toi
97%
de
96%
je
96%
Je
96%
une
95%
fois
93%
Il
93%
suis
93%
était
92%
La
91%
la
91%
le
90%
ça
89%
loin
89%
que
88%
ce
87%
si
87%
des
86%
pense
85%
tout
85%
Tu
85%
jamais
84%
C'est
83%
c'est
83%
au
82%
es
82%
bas
81%
bas.
81%
en
81%
comme
80%
N'oublie
79%
te
78%
années
77%
là-bas
75%
les
75%
ne
75%
dans
74%
Depuis
74%
silence
73%
vis
73%
pas
72%
différence
71%
parfois
71%
fond
70%
être
69%
Chimérique
65%
plus
65%
dis
64%
musique
64%
belle
63%
boîte
63%
toujours
63%
fantastique
62%
n'es
62%
l'eau
60%
Mais
60%
j'ai
59%
Même
59%
vois
59%
bord
58%
qui
57%
heures
56%
mal
55%
reste
53%
sur
53%
infidèle
52%
journaux
52%
six
52%
Électrique
49%
fait
47%
nos
46%
Oui,
46%
Oui
46%
photos
46%
L'amour
44%
peut
43%
souvenirs
42%
dire
41%
l'avenir
35%
Quelquefois
34%
Aucun quiz correspondant
Distribution des résultats
% des personnes avec chaque résultat
Percentile par nombre de réponses
Votre historique - résultats
Vous n’avez pas pris ce quiz